000 00818nam a2200241 i 4500
001 179480
003 ES-MaACL
005 20230906220811.0
008 111207s1961 sp |||| | spa d
080 _a471-88
100 1 _aHoracio Flaco, Quinto.
_964182
245 1 0 _aEpistola a los Pisones /
_cHoracio ; texto, traducción, ordenación directa y versión interlineal por Helena Valentí.
260 _aBarcelona :
_bBosch,
_c[1961]
300 _a74 p. ;
_c18 cm.
490 1 _aTextos clásicos latinos
500 _aÍndice.
546 _aTexto en latín y traducción en español.
650 0 7 _aLengua latina-
_vTextos.
_914307
700 1 _aValentí, Helena.
_9112595
830 0 _aTextos clásicos latinos
_9191103
852 _aES-MaACL
_j2308-F-13
_z. - Donativo M. A. Velasco
999 _c179480
_d179480